000 01654nam a22002537a 4500
003 OSt
005 20260415140317.0
008 260415b |||||||| |||| 00| 0 eng d
020 _a9789389691436
040 _cAL
041 _aeng
082 _a511.324
_bMENS
100 _aElliot Mendelson
_9261635
245 _aSchaums outlines boolean algebra and swithcing circuits
260 _aNew York
_bMcGraw Hill India Pvt Ltd
_c2020
300 _aviiii,213p
_bPB
_c28x21cm
365 _2Information Science and Engineering
_aVBI-2645
_b₹543.75
_c
_d₹725.00
_e25%
_f20-02-2026
440 _aSchaums outline series
_9261636
520 _aFortunately for you, there's Schaum's Outlines. More than 40 million students have trusted Schaum's to help them succeed in the classroom and on exams. Schaum's is the key to faster learning and higher grades in every subject. Each Outline presents all the essential course information in an easy-to-follow, topic-by-topic format. You also get hundreds of examples, solved problems, and practice exercises to test your skills. This Schaum's Outline gives you Practice problems with full explanations that reinforce knowledge Coverage of the most up-to-date developments in your course field In-depth review of practices and applications Fully compatible with your classroom text, Schaum's highlights all the important facts you need to know. Use Schaum's to shorten your study time-and get your best test scores! Schaum's Outlines-Problem Solved.
650 _aAlgebra of Logic
_9261637
650 _aAlgebra of sets
_9261638
650 _aSwitching Circuits and Logic Circuits
_9261639
942 _2ddc
_cBK
999 _c241244
_d241244